Normale Ansicht MARC-Ansicht ISBD

Die letzten 30 Tage / (Titelsatznr. 21623)

[ MARC ]
MARC-Details
000 -Satzkennung
Kontrollfeld mit fester Länge 00552nam a22002171c 4500
001 - Kontrollnummer
Kontrollfeld 020350481
008 - Feld mit fester Länge zur physischen Beschreibung - Allgemeine Angaben
Kontrollfeld mit fester Länge 160509s1951 gw |||| 000u ger d
041 ## - Sprachcode
Sprachcode des Textes/der Tonspur oder des separaten Titels ger
040 ## - Katalogisierungsquelle
Übertragungsstelle RU-10907106
003 - Kontrollnummer Identifier
Kontrollfeld RU-10907106
100 1# - Haupteintragung - Personenname
Personenname Schultz, Joachim
245 04 - Titel
Titel Die letzten 30 Tage /
Verfasserangabe etc. Joachim Schultz
264 ## - Produktion, Veröffentlichung, Distribution, Herstellung und Urheberrechtsvermerk
Herstellungs-, Veröffentlichungs- Vertriebs-, Erzeugungsort Stuttgart :
Produzent, Herausgeber, Distributor, Hersteller Steingrüben,
Datum der Herstellung, der Veröffentlichung, des Vertriebs oder des Urheberschutzvermerks 1951
300 ## - Physische Beschreibung
Umfang 132 S. : Kt.
490 #0 - Gesamttitelangabe
Gesamttitelangabe Dokumente zur Zeitgeschichte
650 #0 - Nebeneintragung unter einem Schlagwort - Sachschlagwort
Sachschlagwort oder geografischer Name als Eintragungselement Kriegsende
650 #0 - Nebeneintragung unter einem Schlagwort - Sachschlagwort
Sachschlagwort oder geografischer Name als Eintragungselement Weltkrieg <1939-1945>
650 #0 - Nebeneintragung unter einem Schlagwort - Sachschlagwort
Sachschlagwort oder geografischer Name als Eintragungselement Deutsches Reich
655 #0 - Indexierungsterm - Genre/Form
Genre/Form oder fokussierter Term Quelle
942 ## - Zusätzliche Felder (Koha)
Koha-Medientyp Monographien
Exemplare
Ausgeschieden Verloren Klassifikation oder Aufstellungssystematik Beschädigt Nicht entleihbar Heimatbibliothek Aufenthaltsbibliothek Erwerbungsdatum Inventarnummer Signatur Barcode Letzte Aktivität Preis gültig von Koha-Medientyp
Ausgeschieden   Andere/Generische Klassifikation     MWN Osteuropa MWN Osteuropa 09/05/2016 16-01848 ausgesondert/ ersetzt D 52 rd Schu 21626 23/02/2021 22/03/2021 Monographien